[Event "German Bundesliga 2021-22"]
[Site "Germany"]
[Date "2022.04.30"]
[Round "5.8"]
[White "Predojevic, Borki"]
[Black "Pajeken, Jakob Leon"]
[Result "1-0"]
[WhiteElo "2585"]
[BlackElo "2370"]
[Annotator "TA"]
[PlyCount "63"]
[EventDate "2022.03.05"]
[EventType "team-tourn"]
[EventCountry "GER"]
[SourceTitle "playchess.com"]
[Source "ChessBase"]
[SourceQuality "1"]
[TimeControl "40/5400+30:1800+30"]

{[%evp 15,63,24,51,22,41,37,60,42,57,32,32,25,30,28,30,27,27,28,95,91,173,180,229,220,224,216,240,220,232,246,221,224,239,233,277,262,323,225,546,542,811,821,814,797,793,781,792,749,707,686]} 1. Nf3 {[%emt 0:00:00]} d5 {[%emt 0:00:00]} 2. g3 {[%emt 0:00:00]} Nf6 {[%emt 0:00:00]} 3. Bg2 {[%emt 0:00:00]} g6 {[%emt 0:00:00]} 4. c4 {[%emt 0:00:00]} c6 {[%emt 0:00:00]} 5. b3 {[%emt 0:00:00]} Bg7 {[%emt 0:00:00]} 6. Bb2 {[%emt 0:00:00]} O-O {[%emt 0:00:00]} 7. O-O {[%emt 0:00:23]} Bf5 {[%emt 0:00:00]} 8. d3 {[%emt 0:03:41]} a5 {[%emt 0:06:38] is now more promising than 8...Qc8.} 9. Nbd2 {[%emt 0:09:15] A11: English Opening: 1...c6.} Na6 {[%emt 0:02:39]} 10. a3 {[%emt 0:05:25]} Rc8 {[%emt 0:19:49]} 11. Rc1 {[%emt 0:16:37] White is slightly better.} b5 {[%emt 0:10:58]} 12. cxd5 {[%emt 0:10:49]} cxd5 {[%emt 0:01:33]} 13. Rxc8 {[%emt 0:00:16]} Qxc8 {[%emt 0:00:57]} 14. Qa1 {[%emt 0:00:41]} Qb7 {[%emt 0:07:59] [#]} 15. e4 $146 {[%emt 0:22:39]} ({Predecessor:} 15. Rc1 Rc8 16. Be5 Bd7 17. Rxc8+ Qxc8 18. Qc3 Qxc3 19. Bxc3 b4 20. axb4 Nxb4 21. Be5 e6 22. Bc7 a4 23. bxa4 {½-½ (23) Akopian,V (2673)-Sargissian,G (2643) Yerevan 2008}) 15... dxe4 {[%emt 0:16:25]} 16. dxe4 {[%emt 0:00:07]} Bg4 {[%emt 0:05:13] [#]} (16... Bd7 $11 {remains equal.}) 17. e5 $1 $16 {[%emt 0:04:37] White leaves nothing to chance now.} Nd5 {[%emt 0:08:34] [#]} (17... Ne8 $16) 18. e6 $1 $18 {[%emt 0:00:39]} Bxb2 {[%emt 0:08:47]} (18... f6 {was called for.}) 19. exf7+ {[%emt 0:00:34]} Rxf7 {[%emt 0:00:06]} 20. Qxb2 {[%emt 0:00:05] aiming for Ng5.} Rf8 {[%emt 0:03:05]} 21. Qd4 {[%emt 0:06:55]} Nf6 {[%emt 0:03:36]} 22. Ne5 {[%emt 0:00:27][%csl LRb7,LRg4] Prevents Qc6.} Qc8 {[%emt 0:00:35]} 23. Nxg4 {[%emt 0:01:22]} Qxg4 {[%emt 0:00:19]} 24. Qb6 {[%emt 0:02:30][%csl LRa5,LRa6,LRb5]} Qe2 {[%emt 0:01:29]} 25. Nf3 {[%emt 0:08:11][%cal Bd2f3,Bf3d4,Bd4c6][%mdl 32]} ({Don't take} 25. Qxa6 $6 Qxd2 26. Qxb5 Qc3 $16) 25... b4 {[%emt 0:02:27]} 26. Qxa5 {[%emt 0:00:41]} Ng4 $2 {[%emt 0:01:45]} (26... bxa3 {is more resistant.} 27. Qxa3 Rd8) 27. axb4 {[%emt 0:02:51] White is clearly winning.} Rb8 {[%emt 0:00:33]} 28. Nd4 {[%emt 0:00:59] Prevents Qb5.} Qe5 {[%emt 0:00:31]} 29. Nc6 {[%emt 0:01:26]} Qxa5 {[%emt 0:00:11]} 30. bxa5 {[%emt 0:00:05]} ({Less strong is} 30. Nxa5 Nxb4 31. Rd1 Nf6 $16) 30... Rb5 {[%emt 0:00:20]} 31. Ra1 {[%emt 0:00:39]} Nc7 {[%emt 0:00:56]} 32. b4 {[%emt 0:00:43] Weighted Error Value: White=0.10 (very precise) /Black=0.56} 1-0

[Event "German Bundesliga 2021-22"]
[Site "Germany"]
[Date "2022.04.30"]
[Round "5.8"]
[White "Rafiee, Makan"]
[Black "Pitl, Gregory"]
[Result "1/2-1/2"]
[WhiteElo "2338"]
[BlackElo "2379"]
[Annotator "TA"]
[PlyCount "46"]
[EventDate "2022.03.05"]
[EventType "team-tourn"]
[EventCountry "GER"]
[SourceTitle "playchess.com"]
[Source "ChessBase"]
[SourceQuality "1"]
[TimeControl "40/5400+30:1800+30"]

{[%evp 14,46,27,19,27,25,42,12,35,40,26,9,53,74,68,62,100,70,135,120,121,122,144,115,124,102,112,52,53,61,82,77,79,59,40]} 1. e4 {[%emt 0:00:00]} c6 {[%emt 0:00:00]} 2. d4 {[%emt 0:00:00]} d5 {[%emt 0:00:00]} 3. Nc3 {[%emt 0:00:00]} dxe4 {[%emt 0:00:00]} 4. Nxe4 {[%emt 0:00:00]} Nf6 {[%emt 0:00:00]} 5. Nxf6+ {[%emt 0:00:00]} exf6 {[%emt 0:00:00]} 6. c3 {[%emt 0:00:00]} Bd6 {[%emt 0:00:00]} 7. Bd3 {[%emt 0:00:00]} O-O {[%emt 0:00:00]} 8. Qc2 {[%emt 0:00:00] Active counter play!} Re8+ {[%emt 0:00:00] B15: Caro-Kann: 3 Nc3: 3...g6 and 3...dxe4 4 Nxe4 Nf6 5 Nxf6+ exf6.} 9. Ne2 {[%emt 0:00:00]} h6 {[%emt 0:00:00]} 10. Bd2 {[%emt 0:00:00]} Be6 {[%emt 0:05:14] The position is equal.} 11. O-O {[%emt 0:02:08]} Qc7 {[%emt 0:09:26]} 12. Ng3 {[%emt 0:15:09]} Nd7 {[%emt 0:10:14]} 13. f4 {[%emt 0:05:26]} b5 {[%emt 0:11:44]} 14. b3 {[%emt 0:06:08] [#] f5 is the strong threat.} Qb6 $146 {[%emt 0:13:43]} ({Predecessor:} 14... Nf8 15. c4 bxc4 16. bxc4 Rad8 17. c5 Be7 18. f5 Bd5 19. Rf4 Nh7 20. Rg4 Kh8 {½-½ (40) Asis Gargatagli,H (2538)-Iturrizaga Bonelli,E (2652) Maia 2018}) 15. Kh1 {[%emt 0:21:59]} c5 {[%emt 0:04:10]} (15... Rad8 $14) 16. c4 {[%emt 0:02:15] [#] Black must now prevent d5.} Nf8 {[%emt 0:01:09]} 17. d5 {[%emt 0:10:36]} ({Much worse is} 17. cxb5 $6 cxd4 18. Qd1 Qb7 $11) 17... Bd7 {[%emt 0:00:05]} 18. Bc3 {[%emt 0:03:50]} Qc7 {[%emt 0:05:19]} 19. Qf2 {[%emt 0:15:57][%cal Oc3f6] Threatens to win with Bxf6!} ({Don't take} 19. cxb5 Bxf4 20. Ne4 Bxh2 $11) 19... Ng6 {[%emt 0:01:02] [#]} 20. Bd2 {[%emt 0:02:59]} (20. Ne4 $1 $16) 20... Rab8 $14 {[%emt 0:00:44]} 21. Ne4 {[%emt 0:04:10]} bxc4 {[%emt 0:01:29]} 22. bxc4 {[%emt 0:00:24]} Rb2 {[%emt 0:02:50][%cal Og6f4]} 23. Nxd6 {[%emt 0:01:10]} Qxd6 {[%emt 0:00:11] Weighted Error Value: White=0.15 (very precise) /Black=0.12 (very precise)} 1/2-1/2

[Event "German Bundesliga 2021-22"]
[Site "Germany"]
[Date "2022.04.30"]
[Round "5.8"]
[White "Agrest, Inna"]
[Black "Colbow, Collin"]
[Result "0-1"]
[WhiteElo "2258"]
[BlackElo "2370"]
[Annotator "TA"]
[PlyCount "92"]
[EventDate "2022.03.05"]
[EventType "team-tourn"]
[EventCountry "GER"]
[SourceTitle "playchess.com"]
[Source "ChessBase"]
[SourceQuality "1"]
[TimeControl "40/5400+30:1800+30"]

{[%evp 11,92,26,45,22,14,13,36,34,47,0,56,52,170,167,200,73,218,226,210,203,203,0,0,-176,-188,-575,-363,-405,-404,-402,-131,-455,-452,-546,-437,-797,-443,-538,-506,-557,-509,-537,-541,-586,-579,-784,-597,-601,-594,-604,-602,-597,-595,-618,-477,-664,-634,-662,-656,-660,-652,-634,-641,-697,-711,-688,-654,-701,-684,-684,-684,-684,-684,-973,-957,-754,-684,-684,-679,-758,-758,-29967,-12222]} 1. e4 {[%emt 0:00:00]} c5 {[%emt 0:00:00]} 2. Nf3 {[%emt 0:00:00]} e6 {[%emt 0:00:00]} 3. d4 {[%emt 0:00:00]} cxd4 {[%emt 0:00:00]} 4. Nxd4 {[%emt 0:00:00]} Nc6 {[%emt 0:00:00]} 5. Nc3 {[%emt 0:00:00]} Qc7 {[%emt 0:00:00]} 6. Be3 {[%emt 0:00:00]} a6 {[%emt 0:00:00]} 7. Qf3 {[%emt 0:00:00] 7.g4 is the modern continuation. B48: Sicilian: Taimanov: 5 Nc3 Qc7 6 Be3 a6 without Be2.} Nf6 {[%emt 0:00:00][%cal Of8a3]} 8. O-O-O {[%emt 0:00:00]} Ne5 {[%emt 0:00:00]} 9. Qg3 {[%emt 0:00:00] White is slightly better.} b5 {[%emt 0:00:00] [#] aiming for ...b4.} 10. a3 {[%emt 0:03:39]} (10. f4 $14 Neg4 11. Bg1) 10... d6 {[%emt 0:11:30]} (10... Bb7 $11) 11. f4 $14 {[%emt 0:14:11] [#]} Nc4 $146 {[%emt 0:19:35]} (11... Ned7) ({Black should try} 11... Ned7 $1 $14) ({Predecessor:} 11... Neg4 12. Bg1 e5 13. Nde2 Bb7 14. h3 exf4 15. Nxf4 Ne5 16. Bd3 g6 17. Be3 Rc8 {0-1 (51) Zhu,Y (2178)-Peng,H (2334) Moscow 2019}) 12. Bxc4 $18 {[%emt 0:06:34]} bxc4 {[%emt 0:02:44]} 13. Rhe1 {[%emt 0:04:30]} (13. e5) (13. e5 $18 {is the precise move to win.}) 13... Rb8 {[%emt 0:07:29]} (13... Bb7) (13... Bb7 $16 {keeps fighting.}) 14. e5 {[%emt 0:17:17]} dxe5 {[%emt 0:06:40]} 15. fxe5 {[%emt 0:04:58]} Nd7 {[%emt 0:05:13] [#]} 16. Nf5 $2 {[%emt 0:31:42]} exf5 $11 {[%emt 0:03:30]} 17. Nd5 $2 {[%emt 0:01:50] White is now going downhill.} (17. e6 $11 Qxg3 18. exd7+ Bxd7 19. hxg3 (19. Bf2+ Be6 $11)) 17... Qb7 $19 {[%emt 0:02:31]} 18. Qg5 $2 {[%emt 0:11:45]} (18. Bd4 Qxd5 19. e6 fxe6 20. Bxg7 Qxd1+ 21. Rxd1 (21. Kxd1 $2 {too greedy.} Rg8 $19)) 18... Qxb2+ {[%emt 0:20:47]} 19. Kd2 {[%emt 0:00:06][%cal Rd5c7]} Qb7 {[%emt 0:01:33] Prevents Nc7+.} (19... c3+ $2 20. Ke2 Qb5+ 21. Kf2) 20. Ke2 {[%emt 0:01:07]} h6 $2 {[%emt 0:09:07]} (20... Qc6 $19 21. Bf2 Nc5) 21. Qh4 $2 {[%emt 0:01:18][%mdl 8192]} (21. Qg3 $17 g5 22. Kf1) 21... Nc5 {[%emt 0:08:31]} (21... Bxa3 22. Qg3 Qc6 23. Qxg7 $11) 22. Kf1 {[%emt 0:01:50]} Ne6 {[%emt 0:00:26]} 23. Bb6 {[%emt 0:00:16]} (23. Qxc4 $142 Bxa3 24. Qd3) 23... Be7 {[%emt 0:01:26]} 24. Qxc4 {[%emt 0:00:41]} O-O {[%emt 0:00:28]} 25. Rb1 {[%emt 0:00:19]} Qd7 {[%emt 0:00:50] White must now prevent ...Bb7.} 26. Red1 {[%emt 0:00:22]} Qe8 {[%emt 0:00:23]} 27. a4 {[%emt 0:00:39]} Bb7 {[%emt 0:00:31]} 28. Nc7 {[%emt 0:00:35]} Qc6 {[%emt 0:00:33]} 29. Qxc6 {[%emt 0:00:22]} Bxc6 {[%emt 0:00:03] This bishop pair is nice.} 30. Nxa6 {[%emt 0:00:14]} Ra8 {[%emt 0:00:19]} 31. Nb4 {[%emt 0:00:41]} Bxa4 {[%emt 0:00:19]} 32. Nd5 {[%emt 0:00:21]} Rfe8 {[%emt 0:00:41]} 33. Rd2 {[%emt 0:00:51]} Bg5 {[%emt 0:00:50]} 34. Rf2 {[%emt 0:00:22]} Rac8 {[%emt 0:00:09]} 35. c3 {[%emt 0:00:12]} Bc6 {[%emt 0:00:30]} 36. c4 {[%emt 0:00:43]} Bb7 {[%emt 0:00:04]} 37. Ba5 {[%emt 0:00:57]} Ba6 {[%emt 0:00:32]} 38. Nb6 {[%emt 0:00:09]} Rc5 {[%emt 0:00:23]} 39. Bc3 {[%emt 0:00:38]} Bxc4+ {[%emt 0:00:08]} 40. Nxc4 {[%emt 0:00:32]} Rxc4 {[%emt 0:00:04]} 41. Be1 {[%emt 0:30:18]} Nd4 {[%emt 0:32:01]} 42. Rb4 {[%emt 0:00:45]} Rxb4 {[%emt 0:00:23]} 43. Bxb4 {[%emt 0:00:02]} Rxe5 {[%emt 0:00:34] ...Rb5 is the strong threat.} 44. Bc3 {[%emt 0:00:13]} Re4 {[%emt 0:00:36]} 45. Bxd4 {[%emt 0:00:10]} Rxd4 {[%emt 0:00:04]} 46. Rxf5 {[%emt 0:00:07]} Rf4+ {[%emt 0:00:05] Weighted Error Value: White=1.11/Black=0.66} 0-1

[Event "German Bundesliga 2021-22"]
[Site "Germany"]
[Date "2022.04.30"]
[Round "5.9"]
[White "Navara, David"]
[Black "Seel, Christian"]
[Result "1/2-1/2"]
[WhiteElo "2693"]
[BlackElo "2486"]
[Annotator "TA"]
[PlyCount "66"]
[EventDate "2022.03.05"]
[EventType "team-tourn"]
[EventCountry "GER"]
[SourceTitle "playchess.com"]
[Source "ChessBase"]
[SourceQuality "1"]
[TimeControl "40/5400+30:1800+30"]

{[%evp 20,66,8,6,34,23,14,0,0,0,0,0,0,0,0,0,0,0,0,0,0,-8,-6,-6,-5,-8,0,-12,-8,-8,-8,-9,-8,-8,-8,-8,-8,-8,-8,-8,0,-8,-8,-21,0,0,0,0,0]} 1. e4 {[%emt 0:00:00]} e5 {[%emt 0:00:00]} 2. Nf3 {[%emt 0:00:00]} Nc6 {[%emt 0:00:00]} 3. Bb5 {[%emt 0:00:00]} a6 {[%emt 0:00:00]} 4. Ba4 {[%emt 0:00:00]} Nf6 {[%emt 0:00:00]} 5. O-O {[%emt 0:00:00]} Nxe4 {[%emt 0:00:00]} 6. d4 {[%emt 0:00:00]} b5 {[%emt 0:00:00]} 7. Bb3 {[%emt 0:00:00]} d5 {[%emt 0:00:00]} 8. dxe5 {[%emt 0:00:00]} Be6 {[%emt 0:00:00]} 9. Be3 {[%emt 0:00:00]} Be7 {[%emt 0:00:00]} 10. c3 {[%emt 0:00:00]} O-O {[%emt 0:00:00]} 11. Nbd2 {[%emt 0:00:00]} Nxd2 {[%emt 0:00:00] C83: Open Ruy Lopez: 9 c3 Be7.} 12. Qxd2 {[%emt 0:07:04]} Na5 $1 {[%emt 0:00:00] The main line 12...Na5 scores better than 12...Qd7.} 13. Bg5 {[%emt 0:08:22] The position is equal.} Nc4 {[%emt 0:04:05]} 14. Bxc4 {[%emt 0:00:37]} bxc4 {[%emt 0:00:06]} 15. b4 {[%emt 0:04:39]} cxb3 {[%emt 0:03:07]} 16. axb3 {[%emt 0:00:10]} c5 {[%emt 0:01:49] [#]} 17. h3 $146 {[%emt 0:19:07]} ({Predecessor:} 17. Ra3 Bxg5 18. Qxg5 f6 19. Qe3 fxe5 20. Nxe5 Qd6 21. f4 Rad8 22. Rfa1 Bc8 23. Nd3 {0-1 (43) Kerkmeester,J-Cortlever,N Wijk aan Zee 1974}) 17... Bxg5 {[%emt 0:14:34]} 18. Nxg5 {[%emt 0:00:17]} h6 {[%emt 0:00:16]} 19. Nf3 {[%emt 0:00:44]} Qb6 {[%emt 0:15:56]} 20. b4 {[%emt 0:13:49]} cxb4 {[%emt 0:01:53]} 21. cxb4 {[%emt 0:00:11]} Rfc8 {[%emt 0:00:42]} 22. Ra5 {[%emt 0:06:45]} Rab8 {[%emt 0:14:07]} 23. Rfa1 {[%emt 0:04:07]} Qxb4 {[%emt 0:01:32]} 24. Qxb4 {[%emt 0:01:10]} Rxb4 {[%emt 0:00:06]} 25. Rxa6 {[%emt 0:00:07]} Rc3 {[%emt 0:11:37][%cal Oe6h3]} 26. R6a4 {[%emt 0:10:29]} Rxa4 {[%emt 0:02:05]} 27. Rxa4 {[%emt 0:00:22] [#]} Bxh3 $1 $11 {[%emt 0:04:03][%mdl 4096] Endgame KRB-KRN} 28. Nd4 $1 {[%emt 0:00:18]} Be6 {[%emt 0:04:47]} 29. Ra6 {[%emt 0:01:34]} Rc1+ {[%emt 0:00:48]} 30. Kh2 {[%emt 0:00:05]} Re1 {[%emt 0:00:14]} 31. f4 {[%emt 0:02:58]} Re4 {[%emt 0:00:39][%csl LRd4,LRf4]} 32. Nxe6 {[%emt 0:00:48]} fxe6 {[%emt 0:00:04]} 33. Kg3 {[%emt 0:02:23]} g5 {[%emt 0:08:54] Not much happened in this game.  Weighted Error Value: White=0.02 (flawless) /Black=0.03 (flawless)} 1/2-1/2

[Event "German Bundesliga 2021-22"]
[Site "Germany"]
[Date "2022.04.30"]
[Round "5.9"]
[White "Nisipeanu, Liviu-Dieter"]
[Black "Jones, Gawain C B"]
[Result "1/2-1/2"]
[WhiteElo "2652"]
[BlackElo "2671"]
[Annotator "TA"]
[PlyCount "53"]
[EventDate "2022.03.05"]
[EventType "team-tourn"]
[EventCountry "GER"]
[SourceTitle "playchess.com"]
[Source "ChessBase"]
[SourceQuality "1"]
[TimeControl "40/5400+30:1800+30"]

{[%evp 18,53,34,19,12,10,25,33,27,-17,-17,-28,-24,-141,-139,-143,-143,-145,-150,-144,-83,-53,-20,-147,0,0,0,0,0,0,0,0,0,0,0,0,0,0]} 1. d4 {[%emt 0:00:00]} Nf6 {[%emt 0:00:00]} 2. c4 {[%emt 0:00:00]} g6 {[%emt 0:00:00]} 3. Nc3 {[%emt 0:00:00]} Bg7 {[%emt 0:00:00]} 4. e4 {[%emt 0:00:00]} d6 {[%emt 0:00:00]} 5. Bd3 {[%emt 0:00:00]} Nc6 {[%emt 0:00:28]} 6. Nge2 {[%emt 0:00:00]} O-O {[%emt 0:00:38]} 7. O-O {[%emt 0:00:00]} Nd7 {[%emt 0:02:03]} 8. Be3 {[%emt 0:00:00]} e5 {[%emt 0:00:16]} 9. d5 {[%emt 0:00:00]} Nd4 {[%emt 0:00:06]} 10. Nb5 {[%emt 0:02:53]} Nxb5 {[%emt 0:03:56] E70: King's Indian: Miscellaneous lines with 4 e4, including 5 Nge2 and 5 Bd3 0-0 6 Nge2.} 11. cxb5 {[%emt 0:00:05]} f5 {[%emt 0:01:14]} 12. exf5 {[%emt 0:06:36]} gxf5 {[%emt 0:00:08] White is slightly better.} 13. f4 {[%emt 0:01:56] [#]} e4 $146 {[%emt 0:09:26]} ({Predecessor:} 13... Nf6 14. h3 Kh8 15. Bc4 Ne4 16. Rb1 Bd7 17. a4 Qe7 18. Bd3 c6 19. Bxe4 fxe4 20. fxe5 Bxe5 21. dxc6 bxc6 22. bxc6 Rxf1+ 23. Kxf1 Bxc6 {0-1 (28) Khumalo,K (2138)-Vitiugov,N (2726) Chess.com INT 2022}) 14. Bc4 {[%emt 0:04:24]} Bxb2 {[%emt 0:00:43]} 15. Nd4 {[%emt 0:28:45]} (15. Rb1 $11 Ba3 16. Nd4) 15... Bxa1 $17 {[%emt 0:02:23]} 16. Ne6 {[%emt 0:00:11]} Qf6 {[%emt 0:05:08]} 17. Nxf8 {[%emt 0:00:17] [#]} Qc3 $1 {[%emt 0:06:00]} 18. Re1 {[%emt 0:02:52][%cal Of8e6]} Bb2 {[%emt 0:08:32]} ({Stronger than} 18... Nxf8 19. Qxa1 Qxa1 20. Rxa1 $15) (18... Kxf8 $142 19. Qxa1 Qxa1 20. Rxa1 a6 21. bxa6 b6) 19. Ne6 {[%emt 0:05:01] aiming for Bb3.} Qxc4 {[%emt 0:14:25]} 20. Qh5 {[%emt 0:00:08] White threatens Qe8+ and mate.} Nf8 {[%emt 0:14:35]} (20... Bg7 $17 {White must now prevent ...Nf6.} 21. Qg5 Qc3) 21. Qg5+ $11 {[%emt 0:06:28] The position is equal.} Ng6 {[%emt 0:03:54]} 22. Qd8+ {[%emt 0:00:07]} Kf7 {[%emt 0:00:03] [#] Hoping for ...Rb8.} 23. Nxc7 {[%emt 0:14:25] Chess con chili.} Bc3 {[%emt 0:17:59]} 24. Qe8+ {[%emt 0:08:26]} Kg7 {[%emt 0:00:46]} 25. Qd8 $1 {[%emt 0:00:20] Ne8+ is the strong threat.} Kf7 {[%emt 0:00:34]} 26. Qe8+ {[%emt 0:00:45]} Kg7 {[%emt 0:00:05]} 27. Qd8 $1 {[%emt 0:00:03] Weighted Error Value: White=0.15 (very precise) /Black=0.16 (very precise)} 1/2-1/2

[Event "German Bundesliga 2021-22"]
[Site "Germany"]
[Date "2022.04.30"]
[Round "5.9"]
[White "Nihal Sarin"]
[Black "Mamedyarov, Shakhriyar"]
[Result "1-0"]
[WhiteElo "2648"]
[BlackElo "2767"]
[Annotator "TA"]
[PlyCount "141"]
[EventDate "2022.03.05"]
[EventType "team-tourn"]
[EventCountry "GER"]
[SourceTitle "playchess.com"]
[Source "ChessBase"]
[SourceQuality "1"]
[TimeControl "40/5400+30:1800+30"]

{[%evp 21,141,0,0,0,14,15,25,0,0,0,24,17,14,7,13,15,21,18,28,16,13,18,17,16,18,25,12,10,18,13,16,14,14,15,34,30,33,35,22,15,40,35,43,35,39,0,0,0,25,11,24,9,9,7,8,2,4,4,4,4,4,4,10,0,8,0,0,0,28,0,0,0,0,0,0,0,0,0,8,8,8,0,80,0,0,0,0,0,0,0,0,0,297,284,276,225,310,320,306,310,838,849,927,715,890,794,483,478,1144,1138,1135,1135,1091,1019,1040,1071,974,932,697,646,6079,377]} 1. e4 {[%emt 0:00:00]} e5 {[%emt 0:00:00]} 2. Nf3 {[%emt 0:00:00]} Nc6 {[%emt 0:00:00]} 3. Bc4 {[%emt 0:00:00]} Bc5 {[%emt 0:00:00]} 4. c3 {[%emt 0:00:00]} Nf6 {[%emt 0:00:00]} 5. d4 {[%emt 0:00:00]} exd4 {[%emt 0:00:00]} 6. e5 {[%emt 0:00:00]} d5 {[%emt 0:00:00]} 7. Bb5 {[%emt 0:00:00]} Ne4 {[%emt 0:00:00]} 8. cxd4 {[%emt 0:00:00]} Bb6 {[%emt 0:00:00]} 9. Nc3 {[%emt 0:00:00]} O-O {[%emt 0:00:00]} 10. Be3 {[%emt 0:00:00]} Bg4 {[%emt 0:00:00]} 11. h3 {[%emt 0:00:00]} Bh5 {[%emt 0:00:00]} 12. Qc2 {[%emt 0:00:00]} Bg6 {[%emt 0:00:00]} 13. Qb3 {[%emt 0:00:00]} Ne7 {[%emt 0:00:00]} 14. O-O {[%emt 0:00:00]} c6 {[%emt 0:00:00]} 15. Bd3 {[%emt 0:00:00]} Nf5 {[%emt 0:00:00]} 16. Qc2 {[%emt 0:00:00]} Nxc3 {[%emt 0:00:00]} (16... Nxe3 {seems wilder.} 17. fxe3 Ng3 18. Bxg6 hxg6 19. Rf2 Bc7) 17. bxc3 {[%emt 0:00:00]} Nxe3 {[%emt 0:00:00]} 18. fxe3 {[%emt 0:00:00]} Bxd3 {[%emt 0:00:00]} 19. Qxd3 {[%emt 0:00:00]} f6 {[%emt 0:00:00]} 20. c4 {[%emt 0:07:28]} fxe5 {[%emt 0:03:25]} 21. Nxe5 {[%emt 0:02:06]} Qd6 {[%emt 0:02:15]} 22. Rxf8+ {[%emt 0:09:47]} Rxf8 {[%emt 0:00:12]} 23. Rf1 {[%emt 0:00:02]} Rxf1+ {[%emt 0:08:47]} 24. Qxf1 {[%emt 0:00:35]} Qe6 $1 {[%emt 0:00:23]} 25. cxd5 {[%emt 0:02:52]} cxd5 {[%emt 0:01:23]} 26. Qb1 {[%emt 0:11:19]} a5 {[%emt 0:14:42]} 27. Kh1 {[%emt 0:26:45]} Bc7 {[%emt 0:15:47]} 28. Qxb7 {[%emt 0:00:11]} Bxe5 {[%emt 0:00:06]} 29. dxe5 {[%emt 0:00:04]} Qxe5 {[%emt 0:02:37]} 30. Qa8+ {[%emt 0:00:06]} Kf7 {[%emt 0:00:03]} 31. Qxa5 {[%emt 0:00:06]} Qa1+ {[%emt 0:00:16]} 32. Kh2 {[%emt 0:00:04]} Qe5+ {[%emt 0:00:03]} 33. Kh1 {[%emt 0:00:06]} Qa1+ {[%emt 0:00:06]} 34. Kh2 {[%emt 0:00:01]} Qe5+ {[%emt 0:00:05]} 35. g3 {[%emt 0:00:03]} Qb2+ {[%emt 0:00:58]} 36. Kg1 {[%emt 0:00:21]} Ke6 {[%emt 0:09:54]} 37. Qa4 {[%emt 0:17:14]} g6 {[%emt 0:29:51]} 38. Qe8+ {[%emt 0:18:06]} Kd6 {[%emt 0:00:27]} 39. Qf8+ {[%emt 0:00:04]} Ke6 $1 {[%emt 0:09:10]} 40. Qf2 {[%emt 0:00:54]} Qb1+ {[%emt 0:05:51]} 41. Kh2 {[%emt 0:30:15]} Qe4 {[%emt 0:32:14]} 42. g4 {[%emt 0:00:51]} Qe5+ {[%emt 0:01:55]} 43. Kg2 {[%emt 0:00:33]} Qe4+ {[%emt 0:00:00]} 44. Kg3 {[%emt 0:00:00]} h6 {[%emt 0:00:00]} 45. h4 {[%emt 0:00:00]} Qe5+ $1 {[%emt 0:00:00]} 46. Kh3 {[%emt 0:00:00]} Qe4 $1 {[%emt 0:00:00]} 47. g5 {[%emt 0:00:00]} h5 $1 {[%emt 0:00:00]} 48. Kg3 {[%emt 0:00:00]} Qg4+ {[%emt 0:00:00]} 49. Kh2 {[%emt 0:00:00]} Qe4 {[%emt 0:00:00]} 50. Qf6+ {[%emt 0:00:00]} Kd7 {[%emt 0:00:00]} 51. Qd4 {[%emt 0:00:00]} Qf3 {[%emt 0:00:00] [#]} (51... Qc2+ $1 $11 {remains equal.} 52. Kg3 Kc6) 52. Qf4 {[%emt 0:00:00]} (52. Kg1 $1 $16) 52... Qe2+ $11 {[%emt 0:00:00]} (52... Qxf4+ 53. exf4 Ke6 54. Kg3 $18) 53. Kg3 {[%emt 0:00:00]} Kc6 {[%emt 0:00:00]} 54. a4 {[%emt 0:00:00]} Qe1+ {[%emt 0:00:00]} 55. Qf2 {[%emt 0:00:00]} Qb1 {[%emt 0:00:00]} 56. Qe2 {[%emt 0:00:00]} Qe4 $2 {[%emt 0:00:00][%mdl 8192] [#]} (56... Kc7 $11) 57. Qb5+ $1 $18 {[%emt 0:00:00]} Kc7 {[%emt 0:00:00]} 58. Qc5+ {[%emt 0:00:00]} Kb7 {[%emt 0:00:00]} 59. Qd4 {[%emt 0:00:00]} Qh1 {[%emt 0:00:00]} 60. Kf2 {[%emt 0:02:30]} ({Don't take} 60. Qg7+ Kb8 61. Qxg6 Qe1+ 62. Kf4 Qxh4+ 63. Ke5 Qg3+ 64. Kxd5 h4 65. Qb6+ (65. Qd6+ Kb7 $18) 65... Ka8 $18) 60... Ka6 $2 {[%emt 0:00:00]} (60... Qh2+ 61. Kf3 Qh3+ 62. Ke2 Qf5) 61. Ke2 {[%emt 0:01:30]} Ka5 {[%emt 0:03:25]} 62. Kd2 {[%emt 0:00:54]} Qh2+ {[%emt 0:01:05]} 63. Kd3 {[%emt 0:09:48]} Qh1 {[%emt 0:03:01]} 64. Kc2 {[%emt 0:00:07]} Qg1 {[%emt 0:01:34]} (64... Ka6 $142 65. Kb3 Qe1) 65. Qxd5+ $18 {[%emt 0:05:26]} Kxa4 {[%emt 0:00:03]} 66. Qc4+ {[%emt 0:00:06]} Ka5 {[%emt 0:00:03]} 67. Kd3 {[%emt 0:00:27]} Qh1 {[%emt 0:02:46]} 68. Qf4 {[%emt 0:02:31]} Qd5+ {[%emt 0:00:51]} 69. Qd4 {[%emt 0:00:11]} Qb5+ {[%emt 0:00:26]} 70. Kd2 {[%emt 0:01:09]} Qf1 {[%emt 0:01:01]} 71. Qe5+ $2 {[%emt 0:00:12]} (71. Qd8+ Kb5 72. Qd5+ Kb4 73. Qd6+ Ka5 74. Qe5+ (74. Qxg6 Qg2+ 75. Kd1 Qh1+ 76. Kc2 Qg2+ 77. Kd3 Qd5+ 78. Kc2 Qg2+ 79. Kc1 Qf1+ 80. Kd2 Qg2+ 81. Kd3 Qd5+ 82. Kc2 Qg2+ $18) 74... Kb4 75. Qf4+ Qc4 76. Qxc4+ Kxc4 77. Kc2) 1-0